| 000 | 00459nam a22001577a 4500 | ||
|---|---|---|---|
| 005 | 20251108163330.0 | ||
| 008 | 250721s1993 xx 000 0 ara d | ||
| 082 | 1 | 4 | _a027.652/حسن |
| 100 | 1 | _aعبد الشافي، حسن محمد | |
| 245 | 1 | 0 | _aالمحاسبة في المنشات / |
| 264 | 1 |
_aبيروت : _bدار الكتاب اللبناني، _c1993. |
|
| 300 | _a280 ص | ||
| 650 | 1 | 7 | _aمكتبات الأطفال |
| 942 |
_2ddc _cBK |
||
| 999 |
_c51 _d51 |
||